[Event "B-Klasse 2012 (B68)"]
[Site "Berlin-Weißensee"]
[Date "2012.05.16"]
[Round "1.1"]
[White "Alcer, Fabian"]
[Black "Batzaya, Ayush"]
[Result "0-1"]
[WhiteElo "1726"]
[BlackElo "1944"]
[PlyCount "58"]
[EventDate "2012.??.??"]

1. e4 Nc6 2. d4 d5 3. e5 Bf5 4. Bb5 e6 5. Nf3 Nge7 6. Nh4 Bg6 7. Nxg6 hxg6 8.
Bg5 Qd7 9. Qd3 a6 10. Ba4 b5 11. Bb3 Nf5 12. c3 Na5 13. Bc2 Nc4 14. b3 Nb6 15.
Nd2 c5 16. g4 Nh6 17. Bxh6 gxh6 18. Qe3 Rc8 19. Rc1 Be7 20. h4 cxd4 21. cxd4
Ba3 22. Ke2 Bxc1 23. Rxc1 Qe7 24. Nf3 Qa3 25. Kf1 Qxa2 26. Bxg6 fxg6 27. Rxc8+
Nxc8 28. Qc1 O-O 29. Kg2 Qxb3 0-1

[Event "B-Klasse 2012 (B68)"]
[Site "Berlin-Weißensee"]
[Date "2012.05.16"]
[Round "1.2"]
[White "Galley, Jakob"]
[Black "Stoeckel, Johannes"]
[Result "0-1"]
[WhiteElo "1740"]
[BlackElo "1920"]
[PlyCount "32"]
[EventDate "2012.??.??"]

1. e4 d5 2. exd5 Nf6 3. d4 Nxd5 4. c4 Nb4 5. Qa4+ N8c6 6. d5 b5 7. cxb5 Nd4 8.
Na3 e5 9. Bd2 Qh4 10. O-O-O Nd3+ 11. Kb1 Nxf2 12. b6+ Bd7 13. b7 Rd8 14. Nb5
Qe4+ 15. Bd3 Qxd3+ 16. Kc1 Bxb5 0-1

[Event "B-Klasse 2012 (B68)"]
[Site "Berlin-Weißensee"]
[Date "2012.05.16"]
[Round "1.3"]
[White "Gressmann, Moritz"]
[Black "Schmidek, Emil"]
[Result "1-0"]
[WhiteElo "1821"]
[BlackElo "1800"]
[PlyCount "95"]
[EventDate "2012.??.??"]

1. e4 e5 2. Nf3 Nc6 3. Bc4 Nf6 4. d3 Be7 5. O-O O-O 6. c3 d5 7. exd5 Nxd5 8.
Re1 Bg4 9. Nbd2 Nb6 10. Bb5 Qd5 11. Bxc6 bxc6 12. h3 Bxf3 13. Nxf3 f6 14. Qc2
Bd6 15. d4 exd4 16. Nxd4 Bc5 17. Nf5 Qf7 18. Bh6 Qg6 19. Bxg7 Rf7 20. Bh6 Nc4
21. Re4 Ne5 22. Be3 Kh8 23. Nh4 Nf3+ 24. Nxf3 Bxe3 25. Nh4 Qg5 26. fxe3 f5 27.
Rf4 Re8 28. Qf2 Rd7 29. Rxf5 Qd8 30. Rf1 Rd2 31. Rf8+ Rxf8 32. Qxf8+ Qxf8 33.
Rxf8+ Kg7 34. Rc8 Rd7 35. Ra8 Rd1+ 36. Kh2 Rd2 37. Rxa7 Rxb2 38. Rxc7+ Kg8 39.
Rxc6 Rxa2 40. c4 Ra3 41. Nf5 Kf7 42. c5 Rd3 43. Rc7+ Ke6 44. e4 Rc3 45. c6 h5
46. Rc8 Rc5 47. Rh8 Kf7 48. c7 1-0

[Event "B-Klasse 2012 (B68)"]
[Site "Berlin-Weißensee"]
[Date "2012.05.16"]
[Round "1.4"]
[White "Sharenkov, Ilya"]
[Black "Donath, Johann"]
[Result "1-0"]
[WhiteElo "1893"]
[BlackElo "1844"]
[PlyCount "65"]
[EventDate "2012.??.??"]

1. d4 d5 2. e3 c5 3. c3 Nc6 4. dxc5 e6 5. b4 a5 6. Bb5 Bd7 7. Bxc6 Bxc6 8. Nf3
Nf6 9. O-O Ne4 10. Nd4 Rc8 11. Bb2 b6 12. b5 Ba8 13. c6 Bd6 14. Nd2 Bb8 15.
Nxe4 dxe4 16. Qg4 Qc7 17. g3 f5 18. Qd1 Qe7 19. Qb3 a4 20. Qxa4 O-O 21. Ba3 Bd6
22. Bxd6 Qxd6 23. Qb3 Rce8 24. Rfd1 Qe7 25. Rd2 Kh8 26. Rad1 Qf6 27. Ne2 g5 28.
c4 Qg6 29. Qc3+ Kg8 30. Qe5 Qh5 31. Rd7 Qg6 32. Ra7 Rd8 33. Rdd7 1-0

[Event "B-Klasse 2012 (B68)"]
[Site "Berlin-Weißensee"]
[Date "2012.05.17"]
[Round "2.1"]
[White "Batzaya, Ayush"]
[Black "Stoeckel, Johannes"]
[Result "1-0"]
[WhiteElo "1944"]
[BlackElo "1920"]
[PlyCount "67"]
[EventDate "2012.??.??"]

1. e4 d5 2. exd5 Nf6 3. d4 Nxd5 4. c4 Nb6 5. Nc3 e5 6. dxe5 Qxd1+ 7. Nxd1 Nc6
8. f4 Bb4+ 9. Kf2 Bf5 10. Nf3 h6 11. a3 Be7 12. b4 O-O-O 13. Ne3 Be4 14. Nd2
Bh7 15. Nb3 Nd4 16. Nxd4 Rxd4 17. Be2 Rxf4+ 18. Bf3 Be4 19. Nd5 Bh4+ 20. Ke3
Nxd5+ 21. cxd5 Bg5 22. Kd4 Bxf3+ 23. Bxf4 Bxg2 24. Rhg1 Bxf4 25. Rxg2 g5 26.
Re1 Re8 27. b5 f6 28. e6 Be5+ 29. Ke4 Rd8 30. Rd1 h5 31. Kf5 h4 32. Kg6 c6 33.
Rc2 Rxd5 34. Rxd5 1-0

[Event "B-Klasse 2012 (B68)"]
[Site "Berlin-Weißensee"]
[Date "2012.05.17"]
[Round "2.2"]
[White "Alcer, Fabian"]
[Black "Gressmann, Moritz"]
[Result "0-1"]
[WhiteElo "1726"]
[BlackElo "1821"]
[PlyCount "65"]
[EventDate "2012.??.??"]

1. e4 e5 2. Nf3 Nc6 3. Bc4 Nf6 4. d3 Bc5 5. c3 d6 6. Bb3 O-O 7. Nbd2 Ne7 8. h3
Ng6 9. Nf1 c6 10. d4 exd4 11. cxd4 Bb4+ 12. Bd2 Bxd2+ 13. N1xd2 Re8 14. Bc2
Nxe4 15. Nxe4 d5 16. O-O dxe4 17. Ne5 Bf5 18. g4 Nxe5 19. dxe5 Bg6 20. Qxd8
Raxd8 21. Rad1 e3 22. Rxd8 Rxd8 23. Bb3 e2 24. Re1 Rd2 25. f4 Bd3 26. Kf2 Rxb2
27. f5 c5 28. e6 fxe6 29. Bxe6+ Kf8 30. Bd5 c4 31. Bf3 Rxa2 32. Bxb7 Rb2 33.
Ke3 0-1

[Event "B-Klasse 2012 (B68)"]
[Site "Berlin-Weißensee"]
[Date "2012.05.17"]
[Round "2.3"]
[White "Donath, Johann"]
[Black "Galley, Jakob"]
[Result "1-0"]
[WhiteElo "1844"]
[BlackElo "1740"]
[PlyCount "125"]
[EventDate "2012.??.??"]

1. d4 Nf6 2. c4 e6 3. g3 d5 4. Bg2 c5 5. cxd5 Nxd5 6. e4 Nf6 7. d5 Bd6 8. f4 e5
9. Ne2 O-O 10. Nbc3 a6 11. a4 Nbd7 12. O-O Qb6 13. a5 Qc7 14. Bd2 c4 15. Na4
Nc5 16. Nb6 Rb8 17. Nc3 (17. fxe5 Bxe5 18. Rc1) 17... Nb3 18. Ra4 Bc5+ (18...
Nxa5 19. Nxc8 Rbxc8) 19. Kh1 Bxb6 20. axb6 Qxb6 21. Rxc4 Ng4 22. Rf3 (22. Be1)
22... Nf2+ 23. Rxf2 Qxf2 24. Be1 Qxb2 25. Rb4 Qc1 26. Rxb3 Qxd1 27. Nxd1 Bg4
28. Ne3 Be2 29. fxe5 b5 30. Kg1 Rfc8 31. Kf2 Bc4 32. Rb2 Bd3 33. e6 $2 (33. Ba5
) 33... fxe6 34. Bh3 Rf8+ 35. Kg1 exd5 36. exd5 Rf3 37. Bf2 a5 38. d6 b4 39.
Be6+ Kf8 40. Nd5 Be4 41. d7 (41. Bc5 $1 g6 42. Bc8 $3 Rxc8 43. d7+ Rxc5 44.
d8=Q+) 41... g6 42. Bb6 Bxd5 43. Bxd5 Rf5 (43... Rd3 $142) 44. Rf2 (44. Be6 Re5
45. Rc2 (45. d8=Q+ Rxd8 46. Bxd8 Rxe6 47. Bxa5)) 44... Rxf2 45. Kxf2 Ke7 46.
d8=Q+ Rxd8 47. Bxd8+ Kxd8 48. Bb3 Kd7 49. Ke3 Kc6 50. Ba4+ Kc5 51. Kd3 g5 52.
Be8 Kd5 53. Bh5 Kc5 54. Bf7 Kb5 55. Kd4 a4 56. Be8+ Ka5 57. Kc4 (57. g4 a3 58.
Bf7 Ka4 59. Bg8 h6 60. Bf7 b3 61. Kc3 b2 62. Ba2 Kb5 63. Kb3 Kc5 64. Kxa3 Kd4
65. Kxb2 Ke3 66. Kc3 (66. Bb3 Kf3 67. Bd1+ Kg2 68. Kc3)) 57... a3 58. Kb3 Kb6
59. Bf7 Kc5 60. Ka4 $4 (60. g4) (60. -- Kb5 61. g4) 60... h5 61. h4 (61. Kb3 h4
62. g4 (62. Bg6 hxg3 63. hxg3 g4 64. Bf5 Kd4 65. Bxg4 Ke3 66. Bf5 Kf3 67. g4
Kf4) (62. Kc2 Kd4 63. Kd2 Ke4 64. Ke2) (62. Bg8 Kd4 63. Kxb4 hxg3 64. hxg3 Ke4)
62... h3 63. Bg8 Kb5 (63... Kd4 64. Kxb4 Ke4 65. Kxa3 Kf3 66. Be6 Kg2 67. Kb4
Kxh2 68. Kc5 Kg3 69. Kd4 h2 70. Bd5 Kxg4) 64. Kc2) (61. h3 h4 62. g4 Kd4 63.
Kxb4 Ke4 64. Kxa3 Kf3) 61... g4 (61... gxh4 $11 62. gxh4 Kd6 63. Kb3 Ke7 64.
Bxh5 Kf8) 62. Kb3 Kd4 63. Bxh5 1-0

[Event "B-Klasse 2012 (B68)"]
[Site "Berlin-Weißensee"]
[Date "2012.05.17"]
[Round "2.4"]
[White "Schmidek, Emil"]
[Black "Sharenkov, Ilya"]
[Result "1/2-1/2"]
[WhiteElo "1800"]
[BlackElo "1893"]
[PlyCount "54"]
[EventDate "2012.??.??"]

1. e4 c6 2. Nc3 d5 3. Nf3 Bg4 4. h3 Bxf3 5. Qxf3 e6 6. d3 d4 7. Ne2 e5 8. Bd2
Nf6 9. g4 c5 10. Qg3 Bd6 11. Bg2 Nc6 12. O-O Qc7 13. a3 Nd7 14. c3 O-O 15. f4
exf4 16. Bxf4 Bxf4 17. Rxf4 Rad8 18. c4 Nde5 19. Rff1 Qb6 20. Rab1 Qb3 21. Nf4
Nxc4 22. Qh4 Nd2 23. Nh5 Nxf1 24. Qg5 g6 25. Nf6+ Kg7 26. Nh5+ Kg8 27. Nf6+ Kg7
1/2-1/2

[Event "B-Klasse 2012 (B68)"]
[Site "Berlin-Weißensee"]
[Date "2012.05.17"]
[Round "3.1"]
[White "Gressmann, Moritz"]
[Black "Batzaya, Ayush"]
[Result "0-1"]
[WhiteElo "1821"]
[BlackElo "1944"]
[PlyCount "72"]
[EventDate "2000.??.??"]

1. e4 c5 2. c3 d5 3. exd5 Qxd5 4. d4 cxd4 5. cxd4 Nc6 6. Be3 e5 7. Nc3 Bb4 8.
a3 Bxc3+ 9. bxc3 exd4 10. Bxd4 Nxd4 11. Qxd4 Nf6 12. Qxd5 Nxd5 13. Bb5+ Bd7 14.
Bxd7+ Kxd7 15. O-O-O Kc6 16. c4 Nb6 17. Nf3 Nxc4 18. a4 Rad8 19. Rxd8 Rxd8 20.
Re1 a6 21. Kc2 f6 22. Kc3 Nb6 23. Nd4+ Kd5 24. Kb3 Rd7 25. Nf5 g6 26. Ne3+ Kd6
27. Rd1+ Ke6 28. Rxd7 Nxd7 29. Kb4 Ke5 30. Nc4+ Kd5 31. g3 Ne5 32. Ne3+ Kd4 33.
Nd1 Nc6+ 34. Kb3 Kd3 35. Nc3 Nd4+ 36. Kb4 a5+ 0-1

[Event "B-Klasse 2012 (B68)"]
[Site "Berlin-Weißensee"]
[Date "2012.05.17"]
[Round "3.2"]
[White "Stoeckel, Johannes"]
[Black "Donath, Johann"]
[Result "0-1"]
[WhiteElo "1920"]
[BlackElo "1844"]
[PlyCount "70"]
[EventDate "2000.??.??"]

1. Nf3 d5 2. c4 d4 3. e3 dxe3 4. fxe3 Nf6 5. Nc3 Bf5 6. d4 e6 7. Bd3 Bxd3 8.
Qxd3 c5 9. O-O Nc6 10. a3 Bd6 11. Ne4 Be7 12. Bd2 h6 13. Bc3 O-O 14. Rad1 cxd4
15. exd4 Qb6 16. Kh1 Rfd8 17. Nxf6+ Bxf6 18. Qe4 Rac8 19. Ne5 Bxe5 20. dxe5 Qc7
21. Qf4 Rxd1 22. Rxd1 Ne7 23. Rf1 Ng6 24. Qf3 a5 25. g3 b6 26. h4 Rf8 27. Qe4
Rd8 28. h5 Nf8 29. Qf4 Nh7 30. Kh2 Ng5 31. Rf2 Qc6 32. Qe3 Rd1 33. Be1 Qxc4 34.
Rd2 Rxe1 35. Rd8+ Kh7 0-1

[Event "B-Klasse 2012 (B68)"]
[Site "Berlin-Weißensee"]
[Date "2012.05.17"]
[Round "3.3"]
[White "Sharenkov, Ilya"]
[Black "Alcer, Fabian"]
[Result "1-0"]
[WhiteElo "1893"]
[BlackElo "1726"]
[PlyCount "59"]
[EventDate "2000.??.??"]

1. d4 Nf6 2. e3 d5 3. Bd3 e6 4. Nd2 Nbd7 5. f4 c5 6. c3 c4 7. Bc2 b5 8. Ngf3 a5
9. Ne5 Nxe5 10. fxe5 Nd7 11. O-O f5 12. exf6 Nxf6 13. e4 dxe4 14. Nxe4 Be7 15.
Nxf6+ Bxf6 16. Qh5+ g6 17. Bxg6+ hxg6 18. Qxg6+ Kd7 19. Rxf6 Rg8 20. Qf7+ Qe7
21. Qxg8 Qxf6 22. Bg5 Qf5 23. Rf1 Qe4 24. Bf4 Kc6 25. Be5 Qe3+ 26. Kh1 Qh6 27.
Qe8+ Kb6 28. Qd8+ Ka6 29. Qd6+ Ka7 30. Qc5+ 1-0

[Event "B-Klasse 2012 (B68)"]
[Site "Berlin-Weißensee"]
[Date "2012.05.17"]
[Round "3.4"]
[White "Galley, Jakob"]
[Black "Schmidek, Emil"]
[Result "1-0"]
[WhiteElo "1740"]
[BlackElo "1800"]
[PlyCount "101"]
[EventDate "2000.??.??"]

1. Nf3 Nf6 2. Nc3 Nc6 3. e4 e5 4. d4 exd4 5. Nxd4 Bc5 6. Be3 Bb6 7. Be2 O-O 8.
O-O d6 9. f4 Re8 10. Bf3 Bg4 11. Bxg4 Nxg4 12. Qxg4 Nxd4 13. Qd1 Qf6 14. Nd5
Qd8 15. Bxd4 Rxe4 16. Nxb6 axb6 17. Bc3 d5 18. Qd3 c6 19. a3 Qd6 20. Qg3 Qc5+
21. Kh1 d4 22. Qd3 f5 23. Bb4 Qd5 24. c4 Qe6 25. Bd2 c5 26. b4 Rf8 27. Rab1 Qc6
28. bxc5 bxc5 29. Rb5 Rf6 30. Rfb1 Rg6 31. Qf3 Rge6 32. h3 Re7 33. Rb6 Qc8 34.
a4 Re2 35. Qd5+ Kh8 36. Rd6 Re8 37. Ba5 R2e7 38. Bd8 Re1+ 39. Rxe1 Rxe1+ 40.
Kh2 Re8 41. Bb6 Qb8 42. Bxc5 b6 43. Bxb6 d3 44. Qxd3 h6 45. Kg3 g5 46. Qd4+ Kh7
47. Rd7+ Kg6 48. Rg7+ Kh5 49. Qd1+ g4 50. hxg4+ fxg4 51. Qh1# 1-0

[Event "B-Klasse 2012 (B68)"]
[Site "Berlin-Weißensee"]
[Date "2012.05.18"]
[Round "4.1"]
[White "Batzaya, Ayush"]
[Black "Donath, Johann"]
[Result "1-0"]
[WhiteElo "1944"]
[BlackElo "1844"]
[PlyCount "59"]
[EventDate "2012.??.??"]

1. e4 e5 2. Nf3 Nc6 3. d4 exd4 4. Nxd4 Nf6 5. Nc3 Bb4 6. Bg5 h6 7. Nxc6 bxc6 8.
Bd2 O-O 9. Bd3 Re8 10. f3 d5 11. O-O dxe4 12. fxe4 Ng4 13. Qf3 Bc5+ 14. Kh1 Ne5
15. Qg3 Kh8 16. Bf4 Bd6 17. Rad1 f6 18. Be2 Qe7 19. Bh5 Rd8 20. b3 Be6 21. Ne2
c5 22. c4 Bf7 23. Bf3 Kh7 24. Qf2 Nxc4 25. bxc4 Bxc4 26. e5 fxe5 27. Bxa8 exf4
28. Bf3 Rb8 29. Nxf4 Bxf1 30. Qc2+ 1-0

[Event "B-Klasse 2012 (B68)"]
[Site "Berlin-Weißensee"]
[Date "2012.05.18"]
[Round "4.2"]
[White "Gressmann, Moritz"]
[Black "Sharenkov, Ilya"]
[Result "0-1"]
[WhiteElo "1821"]
[BlackElo "1893"]
[PlyCount "62"]
[EventDate "2012.??.??"]

1. e4 c6 2. d4 d5 3. exd5 cxd5 4. Bd3 Nc6 5. c3 Nf6 6. Nf3 Bg4 7. O-O e6 8.
Nbd2 Bd6 9. Qc2 Rc8 10. Qb1 O-O 11. Re1 Qc7 12. h3 Bh5 13. g4 Bg6 14. Bxg6 hxg6
15. Qd3 Na5 16. Ne5 a6 17. a4 Nd7 18. Nxd7 {(=)} Qxd7 19. b4 Nc4 20. Nxc4 Rxc4
21. Bd2 Bb8 22. f4 Qc7 23. Qf3 g5 24. Rf1 gxf4 25. g5 Qd8 26. Qh5 e5 27. dxe5
Bxe5 28. g6 fxg6 29. Qxg6 (29. Qxe5 Re4) 29... Bxc3 30. Bxc3 Rxc3 31. Rad1 Rg3+
0-1

[Event "B-Klasse 2012 (B68)"]
[Site "Berlin-Weißensee"]
[Date "2012.05.18"]
[Round "4.3"]
[White "Schmidek, Emil"]
[Black "Stoeckel, Johannes"]
[Result "1-0"]
[WhiteElo "1800"]
[BlackElo "1920"]
[PlyCount "97"]
[EventDate "2012.??.??"]

1. e4 d5 2. exd5 Nf6 3. Nf3 Nxd5 4. d4 Bf5 5. Bd3 Bxd3 6. Qxd3 Nd7 7. O-O e6 8.
Re1 c5 9. Bg5 Qc7 10. Qf5 Be7 11. Bxe7 Nxe7 12. Qg5 Ng6 13. d5 e5 14. c4 O-O
15. Nc3 a6 16. Rad1 Qd6 {(=)} 17. Ne4 Qe7 18. Qxe7 Nxe7 19. Nd6 f6 20. b3 b6
21. Ne4 Rfe8 22. Ng3 Rad8 23. Nh4 Nf8 24. Nhf5 Nxf5 25. Nxf5 g6 26. Ng3 f5 27.
Ne2 Rd6 28. Nc3 Nd7 29. a3 Kf7 30. g4 h6 31. f3 e4 32. fxe4 Ne5 33. Rf1 Nxg4
34. Rd3 Rf6 35. d6 fxe4 36. Nxe4 Rxf1+ 37. Kxf1 Ke6 38. d7 Rd8 39. h3 Ne5 40.
Rd6+ Ke7 41. Rxb6 Nxd7 42. Rxa6 Kf7 43. Ra7 Ke6 44. Ke2 Rb8 45. Rc7 Rxb3 46.
Rxd7 Rxa3 47. Nxc5+ Kf5 48. Rd3 Ra5 49. Rd5+ 1-0

[Event "B-Klasse 2012 (B68)"]
[Site "Berlin-Weißensee"]
[Date "2012.05.18"]
[Round "4.4"]
[White "Alcer, Fabian"]
[Black "Galley, Jakob"]
[Result "0-1"]
[WhiteElo "1726"]
[BlackElo "1740"]
[PlyCount "90"]
[EventDate "2012.??.??"]

1. e4 c5 2. c3 d5 3. exd5 Qxd5 4. d4 Nc6 5. Nf3 Bg4 6. dxc5 Qxd1+ 7. Kxd1 Bxf3+
8. gxf3 Rd8+ 9. Nd2 e6 10. b4 g6 11. Kc2 Bg7 12. Bb2 Nxb4+ 13. cxb4 Bxb2 14.
Rb1 Bg7 15. Nc4 Nf6 16. Nd6+ Ke7 17. Nxb7 Rb8 18. Na5 Rhc8 19. Bc4 Nd7 20. Rhd1
Rc7 21. Rd6 Rbc8 22. Rbd1 Nb8 23. Ba6 Rh8 24. Bb7 Be5 25. R6d3 Bxh2 26. c6 h5
27. b5 h4 28. Rh1 Bd6 29. Nc4 Bc5 30. Ne3 h3 31. Kd2 Rh4 32. Ke2 a6 33. Rb3
axb5 34. Rxb5 Nxc6 35. Bxc6 Rxc6 36. Ng4 Bd6 37. Ra5 f5 38. Ne3 h2 39. Ra7+ Kf6
40. a4 Rb4 41. Rh7 Rxa4 42. Kf1 Rc1+ 43. Kg2 Rxh1 44. Kxh1 Ra1+ 45. Kg2 Rg1+
0-1

[Event "B-Klasse 2012 (B68)"]
[Site "Berlin-Weißensee"]
[Date "2012.05.19"]
[Round "5.1"]
[White "Sharenkov, Ilya"]
[Black "Batzaya, Ayush"]
[Result "0-1"]
[WhiteElo "1893"]
[BlackElo "1944"]
[PlyCount "72"]
[EventDate "2012.??.??"]

1. d4 Nf6 2. e3 g6 3. Bd3 Bg7 4. Nd2 d6 5. Ngf3 Nbd7 6. b3 c5 7. Bb2 cxd4 8.
exd4 O-O 9. O-O Nd5 10. Re1 Nf4 11. Bf1 Nf6 12. Ne4 Bf5 13. Ng3 Bd7 14. c4 N6h5
15. Nxh5 Nxh5 16. Qd2 Re8 17. g3 Qc8 18. Bg2 Rb8 19. Rac1 Bh3 20. d5 Bxg2 21.
Kxg2 Bxb2 22. Qxb2 Qg4 23. Qd4 Qd7 24. Rc2 a6 25. Rce2 b5 26. c5 dxc5 27. Qxc5
Nf4+ 28. gxf4 Qg4+ 29. Kf1 Qxf3 30. Rxe7 Rec8 31. Rc7 Rxc7 32. Qxc7 Qh1+ 33.
Ke2 Re8+ 34. Qe5 Rxe5+ 35. fxe5 Qxd5 36. Kf1 Qh1+ 0-1

[Event "B-Klasse 2012 (B68)"]
[Site "Berlin-Weißensee"]
[Date "2012.05.19"]
[Round "5.2"]
[White "Donath, Johann"]
[Black "Schmidek, Emil"]
[Result "1-0"]
[WhiteElo "1844"]
[BlackElo "1800"]
[PlyCount "95"]
[EventDate "2012.??.??"]

1. d4 Nf6 2. c4 g6 3. Nc3 Bg7 4. e4 d6 5. f3 O-O 6. Be3 Nbd7 7. Bd3 c5 8. Nge2
a6 9. Qd2 Qc7 10. d5 b5 11. cxb5 axb5 12. Nxb5 Qb6 13. Nec3 Ba6 14. O-O Ne5 15.
Be2 Rfb8 16. a4 Qa5 17. Rab1 Ne8 18. Rfc1 Nc7 19. b3 Nxb5 20. Nxb5 Qb6 21. Rc2
Qb7 22. Rbc1 Rc8 23. f4 Nd7 24. b4 cxb4 25. Qxb4 Rxc2 26. Rxc2 Rc8 27. Rxc8+
Qxc8 28. Na7 Qc2 29. Bxa6 Nc5 30. Bf1 Nd3 31. Qb8+ Bf8 32. Nc6 Nxf4 33. Bxf4
Qc5+ 34. Kh1 Qf2 35. Qb5 Qxf4 36. a5 Bh6 37. a6 Qf2 38. Qe2 (38. a7 Be3 39.
a8=Q+ Kg7 40. Qa1+ Kh6 41. Bd3) 38... Qh4 39. a7 Bf4 40. a8=Q+ Kg7 41. g4 Bxh2
42. Qxh2 Qxg4 43. Qg2 Qh4+ 44. Kg1 Qe1 45. Qa7 Qc1 46. Qd4+ f6 47. Nxe7 Qa3 48.
Qgf2 1-0

[Event "B-Klasse 2012 (B68)"]
[Site "Berlin-Weißensee"]
[Date "2012.05.19"]
[Round "5.3"]
[White "Galley, Jakob"]
[Black "Gressmann, Moritz"]
[Result "0-1"]
[WhiteElo "1740"]
[BlackElo "1821"]
[PlyCount "80"]
[EventDate "2012.??.??"]

1. e4 e5 2. Nf3 Nc6 3. c3 Nf6 4. d4 d6 5. d5 Nb8 6. Qc2 Nbd7 7. c4 Be7 8. Nc3
O-O 9. Be2 Nb6 10. h3 Ne8 11. Be3 f5 12. Bd3 g6 13. a4 Ng7 14. b4 fxe4 15. Nxe4
Nf5 16. Bd2 Nd7 17. O-O Nf6 18. a5 a6 19. Rfc1 Nxe4 20. Bxe4 Bh4 21. Nxh4 Qxh4
22. Be3 Nxe3 23. fxe3 Qg3 24. Rf1 Bxh3 25. Kh1 Bd7 26. Rf3 Rxf3 27. Bxf3 Rf8
28. e4 Bg4 29. Rf1 Bxf3 30. gxf3 Rf4 31. Rf2 Rh4+ 32. Rh2 Qxf3+ 33. Kg1 Qxe4
34. Qf2 Rg4+ 35. Rg2 Rxg2+ 36. Qxg2 Qxg2+ 37. Kxg2 Kf7 38. c5 dxc5 39. bxc5 h5
40. c6 bxc6 0-1

[Event "B-Klasse 2012 (B68)"]
[Site "Berlin-Weißensee"]
[Date "2012.05.19"]
[Round "5.4"]
[White "Stoeckel, Johannes"]
[Black "Alcer, Fabian"]
[Result "1/2-1/2"]
[WhiteElo "1920"]
[BlackElo "1726"]
[PlyCount "120"]
[EventDate "2012.??.??"]

1. Nf3 Nf6 2. c4 g6 3. Nc3 Bg7 4. e4 d6 5. d4 Nbd7 6. Be2 O-O 7. O-O c5 8. Be3
a6 9. h3 Qc7 10. Qc2 Rb8 11. a4 Rd8 12. Rfd1 cxd4 13. Bxd4 Nc5 14. a5 e5 15.
Be3 Be6 16. b4 Ncd7 17. Ng5 Bxc4 18. Na4 Rdc8 19. Rdc1 Bxe2 20. Qxc7 Rxc7 21.
Rxc7 Bb5 22. Nc3 Bc6 23. Nd5 Kf8 24. Nb6 h6 25. Nh7+ Nxh7 26. Nxd7+ Bxd7 27.
Rxd7 Nf6 28. Rxd6 Nxe4 29. Rd7 Ke8 30. Rc7 Nd6 31. Rac1 Bf6 32. Bxh6 g5 33.
R7c3 Ke7 34. h4 gxh4 35. Be3 e4 36. Rc7+ Ke6 37. Bf4 Be5 38. Bxe5 Kxe5 39. Rd7
Rg8 40. Kh2 f5 41. Rd1 Rg6 42. Rh7 Rg4 43. Kh3 Rf4 44. Rf1 e3 45. Re7+ Kf6 46.
Rxe3 Rxb4 47. Rfe1 Kg5 48. Re7 Ne4 49. f3 Nf2+ 50. Kh2 Nd3 51. Rg7+ Kf6 52.
Ree7 Nc5 53. Rc7 Rb5 54. Rh7 Kg5 55. Rcg7+ Kf6 56. Rf7+ Kg6 57. f4 Nd3 58. Rxb7
Rxa5 59. Rbg7+ Kf6 60. Rf7+ Kg6 1/2-1/2

[Event "B-Klasse 2012 (B68)"]
[Site "Berlin-Weißensee"]
[Date "2012.05.19"]
[Round "6.1"]
[White "Batzaya, Ayush"]
[Black "Schmidek, Emil"]
[Result "1/2-1/2"]
[WhiteElo "1944"]
[BlackElo "1800"]
[PlyCount "35"]
[EventDate "2012.??.??"]

1. e4 e5 2. Nf3 Nc6 3. d4 exd4 4. Nxd4 Bc5 5. Nb3 Bb6 6. Nc3 Nf6 7. Bg5 d6 8.
Qd2 Bd7 9. O-O-O h6 10. Bh4 g5 11. Bg3 Qe7 12. a4 a6 13. Nd5 Nxd5 14. exd5 Ne5
15. a5 Ba7 16. f4 gxf4 17. Bxf4 O-O-O 18. h3 1/2-1/2

[Event "B-Klasse 2012 (B68)"]
[Site "Berlin-Weißensee"]
[Date "2012.05.19"]
[Round "6.2"]
[White "Sharenkov, Ilya"]
[Black "Galley, Jakob"]
[Result "1-0"]
[WhiteElo "1893"]
[BlackElo "1740"]
[PlyCount "123"]
[EventDate "2012.??.??"]

1. d4 d5 2. e3 c5 3. c3 Nc6 4. dxc5 e5 5. b4 a5 6. b5 Nb8 7. Ba3 Nf6 8. c4 Be6
9. Nf3 e4 10. Nd4 Qc8 11. Nxe6 fxe6 12. cxd5 exd5 13. Qc2 Nfd7 14. Nc3 Bxc5 15.
Nxd5 O-O 16. Bxc5 Qxc5 17. Qxc5 Nxc5 18. Nc7 Nba6 19. Nxa8 Nb4 20. Bc4+ Kh8 21.
Ke2 Rxa8 22. a3 Nbd3 23. Bxd3 exd3+ 24. Kd1 Ne4 25. Rf1 Rd8 26. Rc1 h6 27. Rc4
Re8 28. a4 b6 29. g4 Kh7 30. f3 Nc5 31. Kd2 Rd8 32. Rxc5 bxc5 33. Rc1 Rd5 34.
Rc3 h5 35. Rxd3 Rg5 36. h4 Rg6 37. g5 Re6 38. Rd5 c4 39. Rc5 Rd6+ 40. Ke2 Rd3
41. Rxc4 Ra3 42. b6 Rb3 43. Rc6 Rb4 44. Rc5 Rxb6 45. Rxa5 Rb4 46. f4 Rb2+ 47.
Kf3 Rh2 48. Kg3 Re2 {(=)} 49. Re5 Ra2 50. a5 Ra4 51. f5 Rg4+ 52. Kh3 Ra4 53. e4
Ra3+ 54. Kg2 Ra2+ 55. Kg3 Ra3+ 56. Kf4 Ra1 57. Re8 g6 58. Ra8 gxf5 59. exf5
Ra4+ 60. Ke5 Rxh4 61. Kf6 Rc4 62. g6+ 1-0

[Event "B-Klasse 2012 (B68)"]
[Site "Berlin-Weißensee"]
[Date "2012.05.19"]
[Round "6.4"]
[White "Gressmann, Moritz"]
[Black "Stoeckel, Johannes"]
[Result "1/2-1/2"]
[WhiteElo "1821"]
[BlackElo "1920"]
[PlyCount "37"]
[EventDate "2012.??.??"]

1. e4 d5 2. exd5 Nf6 3. d4 Nxd5 4. c4 Nb6 5. Nc3 e5 6. dxe5 Qxd1+ 7. Nxd1 Bb4+
8. Bd2 Bxd2+ 9. Kxd2 Nc6 10. f4 Be6 11. Ne3 O-O-O+ 12. Ke1 Rd4 13. c5 Na4 14.
g3 Nxb2 15. Nf3 Ra4 16. a3 Nc4 17. Nxc4 Bxc4 18. Bh3+ Kb8 19. Kf2 1/2-1/2

[Event "B-Klasse 2012 (B68)"]
[Site "Berlin-Weißensee"]
[Date "2012.05.20"]
[Round "7.1"]
[White "Galley, Jakob"]
[Black "Batzaya, Ayush"]
[Result "1/2-1/2"]
[WhiteElo "1740"]
[BlackElo "1944"]
[PlyCount "23"]
[EventDate "2012.??.??"]

1. e4 c5 2. Nf3 d6 3. d4 cxd4 4. Nxd4 Nf6 5. Nc3 g6 6. Be3 Nc6 7. Be2 Bg7 8.
Qd2 h5 9. f3 Bd7 10. h4 a6 11. O-O-O Rc8 12. Nb3 1/2-1/2

[Event "B-Klasse 2012 (B68)"]
[Site "Berlin-Weißensee"]
[Date "2012.05.20"]
[Round "7.2"]
[White "Schmidek, Emil"]
[Black "Alcer, Fabian"]
[Result "1/2-1/2"]
[WhiteElo "1800"]
[BlackElo "1726"]
[PlyCount "92"]
[EventDate "2012.??.??"]

1. e4 e5 2. Nf3 Nc6 3. Bb5 a6 4. Ba4 Nf6 5. d3 b5 6. Bb3 Be7 7. O-O d6 8. c3
O-O 9. Re1 Na5 10. Bc2 c5 11. Nbd2 Nc6 12. Nf1 Re8 13. Ng3 h6 14. h3 Bf8 15. d4
cxd4 16. cxd4 Nxd4 17. Nxd4 exd4 18. Qxd4 Be6 19. Bf4 Rc8 20. Bb3 d5 21. exd5
Nxd5 22. Rad1 Nxf4 23. Qxf4 Qb6 24. Rd7 Bxb3 25. Rxe8 Rxe8 26. axb3 Qe6 27. Rd3
Qg6 28. Nf5 Qg5 29. Qxg5 hxg5 30. Kf1 g6 31. Ne3 Bg7 32. Rd6 Ra8 33. Nd5 {(=)}
Bf8 34. Rd7 a5 35. Nc3 Bg7 36. Nxb5 Bxb2 37. Ra7 Rb8 38. Rxa5 Bf6 39. Nd6 Be7
40. Ne4 f5 41. Nc3 Rxb3 42. Nd5 Rb1+ 43. Ke2 Rb2+ 44. Kf3 Rb3+ 45. Ke2 Rb2+ 46.
Kf3 Rb3+ 1/2-1/2

[Event "B-Klasse 2012 (B68)"]
[Site "Berlin-Weißensee"]
[Date "2012.05.20"]
[Round "7.3"]
[White "Stoeckel, Johannes"]
[Black "Sharenkov, Ilya"]
[Result "0-1"]
[WhiteElo "1920"]
[BlackElo "1893"]
[PlyCount "40"]
[EventDate "2012.??.??"]

1. Nf3 d5 2. c4 c6 3. b3 Nf6 4. Ba3 g6 5. e3 Bg7 6. d4 Bf5 7. Bd3 Bxd3 8. Qxd3
{(=)} Nbd7 9. c5 e5 10. Qc2 e4 11. Nfd2 Ng4 12. Nxe4 dxe4 13. Qxe4+ Nge5 14.
dxe5 Nxe5 15. Bb2 f5 16. Bxe5 fxe4 17. Bxg7 Rg8 18. Bd4 Qg5 19. O-O O-O-O 20.
Nd2 Rxd4 0-1